Gordon Matta-Clark / (Record no. 353317)
[ view plain ]
| 000 -LEADER | |
|---|---|
| fixed length control field | 01054 a2200289 4500 |
| 003 - CONTROL NUMBER IDENTIFIER | |
| control field | OSt |
| 005 - DATE AND TIME OF LATEST TRANSACTION | |
| control field | 20180116192401.0 |
| 008 - FIXED-LENGTH DATA ELEMENTS--GENERAL INFORMATION | |
| fixed length control field | 120702t xxu||||| |||| 00| 0 eng d |
| 010 ## - LIBRARY OF CONGRESS CONTROL NUMBER | |
| LC control number | 2006283954 |
| 020 ## - INTERNATIONAL STANDARD BOOK NUMBER | |
| International Standard Book Number | 0714845876 |
| 020 ## - INTERNATIONAL STANDARD BOOK NUMBER | |
| International Standard Book Number | 9780714845876 |
| 040 ## - CATALOGING SOURCE | |
| Transcribing agency | 0 |
| 082 ## - DEWEY DECIMAL CLASSIFICATION NUMBER | |
| Classification number | 709.2 |
| 100 1# - MAIN ENTRY--PERSONAL NAME | |
| Personal name | Matta-Clark, Gordon, |
| 9 (RLIN) | 5047 |
| 245 10 - TITLE STATEMENT | |
| Title | Gordon Matta-Clark / |
| Statement of responsibility, etc. | edited by Corinne Diserens ; survey by Thomas Crow ; essays by Judith Russi Kirshner and Christian Kravagna. |
| 260 ## - PUBLICATION, DISTRIBUTION, ETC. | |
| Place of publication, distribution, etc. | London ; |
| -- | New York, NY : |
| Name of publisher, distributor, etc. | Phaidon Press, |
| Date of publication, distribution, etc. | 2006. |
| 300 ## - PHYSICAL DESCRIPTION | |
| Extent | 240 p. : |
| Other physical details | ill. (some col.) ; |
| Dimensions | 25 cm. |
| 500 ## - GENERAL NOTE | |
| General note | Reprint. Originally published: London : Phaidon, 2003. |
| 600 10 - SUBJECT ADDED ENTRY--PERSONAL NAME | |
| Personal name | Matta-Clark, Gordon, |
| Dates associated with a name | 1943-1978. |
| 9 (RLIN) | 5048 |
| 650 10 - SUBJECT ADDED ENTRY--TOPICAL TERM | |
| Topical term or geographic name entry element | Conceptual art |
| Geographic subdivision | United States |
| 9 (RLIN) | 5049 |
| 700 1# - ADDED ENTRY--PERSONAL NAME | |
| Personal name | Diserens, Corinne. |
| 9 (RLIN) | 5050 |
| 700 1# - ADDED ENTRY--PERSONAL NAME | |
| Personal name | Crow, Thomas E., |
| Dates associated with a name | 1948- |
| 9 (RLIN) | 5051 |
| 700 1# - ADDED ENTRY--PERSONAL NAME | |
| Personal name | Kirshner, Judith Russi. |
| 9 (RLIN) | 5052 |
| 700 1# - ADDED ENTRY--PERSONAL NAME | |
| Personal name | Kravagna, Christian. |
| 9 (RLIN) | 5053 |
| 942 ## - ADDED ENTRY ELEMENTS (KOHA) | |
| Institution code [OBSOLETE] | SADA |
| Koha item type | Book |
| Call number prefix | 709.2 MAT 2006 |
| Source of classification or shelving scheme | |
| 952 ## - LOCATION AND ITEM INFORMATION (KOHA) | |
| -- | BOOK |
| Withdrawn status | Lost status | Source of classification or shelving scheme | Damaged status | Not for loan | Permanent Location | Current Location | Date acquired | Total Checkouts | Full call number | Barcode | Date last seen | Cost, replacement price | Price effective from | Koha item type |
|---|---|---|---|---|---|---|---|---|---|---|---|---|---|---|
| School of Art Design and Architecture (SADA) | School of Art Design and Architecture (SADA) | 06/29/2011 | 709.2 MAT 2006 | SADA0001426 | 08/05/2011 | 2400.00 | 08/05/2011 | Book |
